Giáo trình cắt may căn bản Giáo trình Cao đẳng Sư phạm

Trình bày những vấn đề chung của cắt may, nêu lên những vấn đề thiết yếu nhất mà người học cần phải biết khi tiếp cận với môn cắt may . Giới thiệu cách cắt may các trang phục cho đối tượng từ trẻ sơ sinh đến người lớn .

Tallennettuna:
Bibliografiset tiedot
Päätekijä: Nguyễn Thị Cẩm Vân
Aineistotyyppi: Kirja
Kieli:Vietnamese
Julkaistu: H. Đại học Sư phạm 2003
Aiheet:
Tagit: Lisää tagi
Ei tageja, Lisää ensimmäinen tagi!
Thư viện lưu trữ: Mạng thư viện Đại học Đà Nẵng
LEADER 01398nam a2200337 4500
001 000006696
003 2855
005 20110919090901.0
008 110916s2003 viesd
020 |c 0 
041 0 |a vie 
082 |a 646.2  |b NG-V 
100 0 |a Nguyễn Thị Cẩm Vân 
245 0 |a Giáo trình cắt may căn bản  |b Giáo trình Cao đẳng Sư phạm  |c Nguyễn Thị Cẩm Vân 
260 |a H.  |b Đại học Sư phạm  |c 2003 
300 |a 181 tr.  |b hình vẽ  |c 24 cm. 
504 |a Thư mục: tr. 181 
520 |a Trình bày những vấn đề chung của cắt may, nêu lên những vấn đề thiết yếu nhất mà người học cần phải biết khi tiếp cận với môn cắt may . Giới thiệu cách cắt may các trang phục cho đối tượng từ trẻ sơ sinh đến người lớn . 
653 |a Cắt may 
653 |a Giáo trình 
910 |a Huỳnh Thị Cẩm Lai  |d 16/09/2011 
OWN |a LSP 
AVA |a UDN50  |b LSP  |d 646.2 NG-V  |e available  |t Error 5001 Not defined in file expand_doc_bib_avail.  |f 5  |g 0  |h N  |i 0  |k 1 
999 |a From the UDN01 
AVA |a UDN50  |b LSP  |d 646.2 NG-V  |e available  |t Error 5001 Not defined in file expand_doc_bib_avail.  |f 5  |g 0  |h N  |i 0  |k 1 
TYP |a Monograph 
TYP |a Printed language 
980 |a Mạng thư viện Đại học Đà Nẵng